1168 1080 1086 1620 1118 1574 1590 1437 1326 1966 1667 1050 1540 1796 1060 1078 1131 1750 1240 1484 1755 1500 1521 1767 1356 1941 1692 1255 1640 1832 1112 1929 1068 1461 1048 1669 1003 1148 1105 1372 1649 1484 1304 1571 1790 1644 1313 1145 1251 1691 1553 1103 1528 1080 1167 1095 1765 1155 1319 1012 1130 1010 1230 1825 1764 1782 1876 1872 1136 1036 1405 1119 1712 1239 1001 1139 1909 1575 1306 1620 1916 1385 1286 1194 1210 1726 1362 1785 1120 1104 1275 1254 1393 1322 1229 1768 1344 1937 1411 BCNSPRNW ULIB Ver.6.0+V

เปลี่ยนเป็นภาษาไทย

Change to English
 แสดงรายละเอียดบรรณานุกรม
  กลับหน้าหลัก

Brief Record : Get Marc (ISO 2709) : E-mail record : QR code < ปิดหน้าต่าง
LEADER : 00000nam 2200000uu 4500
001    13399121217
003     ULIB
008    121109s2546||||th 000 0 tha d
020    ^a9749007336
041 1  ^atha^heng
050 04 ^aPE1130^bK111ว 2546
100 0  ^aเคลลี, เจอรัลด์
245 10 ^aวิธีสอนการออกเสียง = How to teach pronunciation /^cGerald Kelly, เขียน ; Jeremy Harmer, บรรณาธิการชุดภาษาอังกฤษ ;รัชนีโรจน์ กุลธำรง, แปลและเรียบเรียง ; พงษ์ศรี เลขะวัฒนะ, บรรณาธิการชุดภาษาไทย
250    ^aพิมพ์ครั้งที่ 1
260    ^aกรุงเทพฯ :^bบริษัท เพียร์สัน เอ็ดดูเคชั่น อินโดไชน่า,^c2546
300    ^aviii, 191 หน้า :^bภาพประกอบ ;^c25 ซม. +^eซีดี-รอม 1 แผ่น (4 3/4 นิ้ว)
650  7 ^aภาษาอังกฤษ^xการออกเสียง^xการศึกษาและการสอน
650  7 ^aภาษาอังกฤษ^xสัทศาสตร์
700 0  ^aรัชนีโรจน์ กุลธำรง
700 12 ^aKelly, Gerald.^tHow to teach pronunciation
945    ^p392^l0^i14389
995    ^aกัณชพร
999 ^a กัณชพร
รายการนี้ยังไม่มีแท็ก
คุณยังไม่ได้ล็อกอิน คุณสามารถมีกิจกรรมร่วมกับเว็บไซต์ได้ แต่ต้องล็อกอินก่อน ::
  ล็อกอิน

รายการสื่อสารสนเทศ

ลำดับที่ ประเภท เลขเรียก/บาร์โค้ด สถานที่ สถานะ
1. วิทยาศาสตร์การแพทย์ และสุขภาพ
วิทยาศาสตร์การแพทย์ และสุขภาพ
PE1130 K111ว 2546  
  Barcode: 14389
ห้องสมุดวิทยาเขตสวรรค์ประชารักษ์
►หนังสือทั่วไป
บนชั้น

รายการใกล้เคียง
    ผู้แต่ง [เคลลี, เจอรัลด์]

BibComment


ยังไม่เคยถูกคอมเมนท์

คอมเมนท์ทรัพยากรรายการนี้
  คอมเมนท์: วิธีสอนการออกเสี..


 Copyright 2026. Bcnsprnw @Library